LEADER 01229nam a2200265 4500 001 000000364811 003 CaOOAMICUS 005 20251103114148.0 008 251023s2022 it 000 u ita r 020 $a978-88-6240-962-9 040 $aSeMil$bita 100 1 $aAntonioli, Francesco,$d<1963- >.$0(OLS)http://semarc/name/54362 245 13$aLo scisma emerso :$bconflitti, lacerazioni e silenzi nella Chiesa del Terzo millennio /$cFrancesco Antonioli, Laura Verrani. 264 1$aMilano :$bTS Edizioni,$c2022. 300 $a252 p. ;$c21 cm 650 4$aChiesa e societŕ.$0(OLS)http://semarc/subject/715 650 4$aChiesa - Sec. 21.$0(OLS)http://semarc/subject/36603 700 12$aVerrani, Laura,$d<1972- >.$0(OLS)http://semarc/name/123009 850 $aSeMil 852 $aSeMil$W1$xVenegono$y1$m3A II 474$j264163$B255793$CSeMilBibl$Z2$F255793 $81 961 $aPassoni don Cristiano - Omaggio 996 $6020$a978-88-6240-962-9$9(OLS)http://semarc/number/304403 996 $6245$aLo scisma emerso :$bconflitti, lacerazioni e silenzi nella Chiesa del Terzo millennio$9(OLS)http://semarc/title/456298 996 $6264$aMilano :$bTS Edizioni$9(OLS)http://semarc/publisher/60837 LEADER 00892nam a2200217 i 4500 001 000000125161 003 CaOOAMICUS 005 20040408000000.0 008 040408s1969 it u000 u fre u 013 $a97860 040 $aSeMil$bita 100 1 $aTournoux, Jean Raymond.$0(OLS)http://semarc/name/52026 245 13$aLe mois de mai du Général :$blivre blanc des événements /$cJ.-R. Tournoux. 260 $a[S.l.] :$bPlon,$ccopyr. 1969. 300 $a527 p. ;$c20 cm. 600 14$aDe Gaulle, Charles <1890-1970>.$0(OLS)http://semarc/subject/16148 850 $aSeMil 852 $aSeMil$W1$xVenegono$y1$m660 167 *$j79654$B79654$CSeMilBibl$Z2$F81781 $81 961 $aRecupero: Biblioteca Seminario Saronno 996 $6245$aLe mois de mai du Général :$blivre blanc des événements$9(OLS)http://semarc/title/184324 996 $6260$a[S.l.] :$bPlon$9(OLS)http://semarc/publisher/30096